| 000 | 00660nam a22001577a 4500 | ||
|---|---|---|---|
| 003 | OSt | ||
| 005 | 20151008152636.0 | ||
| 008 | 150917b xxu||||| |||| 00| 0 eng d | ||
| 040 | _cRUA | ||
| 082 | _aAVM KEN 2006 B079 Or.1 | ||
| 100 |
_9639 _aKENG, DY. |
||
| 245 | _astudy on foot and mouth disease and pasteurellosis in sitherkandal district, preyveng province (កាសិក្សាលើជំងឺ អុតក្តាម និងសាទឺកគោនៅក្នុងស្រុកស៊ីធរកណ្តាល ខេត្តព្រៃវែង) | ||
| 260 |
_aPhnom Penh _bRUA _c2006 |
||
| 300 |
_a51p. _bill. _c29cm. |
||
| 942 |
_2ddc _cAVM |
||
| 999 |
_c613 _d613 |
||